| Tag |
First Indicator |
Second Indicator |
Subfields |
| LEADER |
00000cam a22000001 4500 |
| 001 |
in00005651613 |
| 008 |
811121s1960 enk 000 0 eng |
| 005 |
20250723133838.7 |
| 035 |
|
|
|a (OCoLC)ocm07458542
|
| 040 |
|
|
|a NLM
|b eng
|c NLM
|d PLF
|d IUD
|d UKM
|d MUQ
|d DRB
|d AU@
|d UKMGB
|d OCLCF
|d OCLCQ
|d OCLCO
|d OCLCQ
|d QE2
|d UAB
|d OCLCO
|d OCL
|d OCLCO
|d OCLCL
|d OCLCQ
|d OCLCL
|
| 015 |
|
|
|a GB6018047
|2 bnb
|
| 016 |
7 |
|
|a 50931190R
|2 DNLM
|
| 016 |
7 |
|
|a 000595272
|2 Uk
|
| 016 |
7 |
|
|a 011564242
|2 Uk
|
| 035 |
|
|
|a (OCoLC)7458542
|
| 050 |
|
4 |
|a RK332
|b .C 224 1960
|
| 055 |
|
3 |
|a RA 591.5
|b C22
|
| 060 |
0 |
0 |
|a WU 270
|b C224m 1960
|
| 082 |
0 |
4 |
|a 617.6
|b C164m
|1 https://id.oclc.org/worldcat/ddc/E3pY9BpwGkmgwmPjwHPGjQ7VjF
|
| 100 |
1 |
|
|a Cannell, Walter Arthur.
|
| 245 |
1 |
0 |
|a Medical and dental aspects of fluoridation.
|
| 260 |
|
|
|a London,
|b Lewis,
|c 1960.
|
| 300 |
|
|
|a vii, 125 pages
|
| 336 |
|
|
|a text
|b txt
|2 rdacontent
|
| 337 |
|
|
|a unmediated
|b n
|2 rdamedia
|
| 338 |
|
|
|a volume
|b nc
|2 rdacarrier
|
| 340 |
|
|
|m 8vo.
|2 rdabf
|
| 504 |
|
|
|a Includes bibliographical references.
|
| 650 |
|
0 |
|a Fluorides.
|
| 650 |
|
0 |
|a Water
|x Fluoridation.
|
| 650 |
|
0 |
|a Bones.
|
| 650 |
|
0 |
|a Teeth.
|
| 650 |
|
0 |
|a Fluorination.
|
| 650 |
|
0 |
|a Diet in disease.
|
| 650 |
|
0 |
|a Cementum.
|
| 650 |
|
0 |
|a Pharmacology.
|
| 650 |
|
0 |
|a Bone.
|
| 650 |
|
2 |
|a Fluoridation
|
| 650 |
|
2 |
|a Fluorides
|
| 650 |
|
2 |
|a Bone and Bones
|
| 650 |
|
2 |
|a Tooth
|
| 650 |
|
2 |
|a Diet
|
| 650 |
|
2 |
|a Pharmacology
|
| 650 |
|
6 |
|a Fluorures.
|
| 650 |
|
6 |
|a Régimes alimentaires.
|
| 650 |
|
6 |
|a Cément.
|
| 650 |
|
6 |
|a Pharmacologie.
|
| 650 |
|
6 |
|a Eau
|x Fluoration.
|
| 650 |
|
6 |
|a Os.
|
| 650 |
|
6 |
|a Dents.
|
| 650 |
|
6 |
|a Fluoration.
|
| 650 |
|
7 |
|a teeth (animal components)
|2 aat
|
| 650 |
|
7 |
|a pharmacology.
|2 aat
|
| 650 |
|
7 |
|a bone (material)
|2 aat
|
| 650 |
|
7 |
|a tooth (material)
|2 aat
|
| 650 |
|
7 |
|a Pharmacology
|2 fast
|
| 650 |
|
7 |
|a Fluorination
|2 fast
|
| 650 |
|
7 |
|a Diet in disease
|2 fast
|
| 650 |
|
7 |
|a Cementum
|2 fast
|
| 650 |
|
7 |
|a Bone
|2 fast
|
| 650 |
|
7 |
|a Bones
|2 fast
|
| 650 |
|
7 |
|a Fluorides
|2 fast
|
| 650 |
|
7 |
|a Teeth
|2 fast
|
| 650 |
|
7 |
|a Water
|x Fluoridation
|2 fast
|
| 758 |
|
|
|i has work:
|a Medical and dental aspects of fluoridation (Text)
|1 https://id.oclc.org/worldcat/entity/E39PCYwJ3WGwP4tjxJkRhBQJqj
|4 https://id.oclc.org/worldcat/ontology/hasWork
|
| 776 |
0 |
8 |
|i Online version:
|a Cannell, Walter Arthur.
|t Medical and dental aspects of fluoridation.
|d London, H.K. Lewis [©1960]
|w (OCoLC)609837921
|
| 029 |
0 |
|
|a NLM
|b 50931190R
|
| 029 |
1 |
|
|a AU@
|b 000004037848
|
| 029 |
1 |
|
|a NLGGC
|b 059155205
|
| 029 |
1 |
|
|a NZ1
|b 13007579
|
| 029 |
1 |
|
|a UKMGB
|b 000595272
|
| 029 |
1 |
|
|a UKMGB
|b 011564242
|
| 994 |
|
|
|a Z0
|b TXA
|
| 948 |
|
|
|h NO HOLDINGS IN TXA - 76 OTHER HOLDINGS
|
| 999 |
f |
f |
|s 58f25329-6281-43c3-ae79-4ce5eaabf805
|i 42e8d0ef-ff62-41ea-9b20-2b1e9ba0adb3
|t 0
|
| 952 |
f |
f |
|p ric
|a Texas A&M University
|b Rellis Campus
|c Joint Library Facility
|d Remote Storage
|t 0
|e WU 275 C16 1960
|i unmediated -- volume
|m 1000014043D
|
| 998 |
f |
f |
|a WU 275 C16 1960
|t 0
|l Remote Storage
|